000 00405nam a22001697a 4500
005 20160701104452.0
008 160701b xxu||||| |||| 00| 0 eng d
020 _a81-7036-701-8
041 _aeng
082 _b20211
100 _aNilakant, U & Ramnarayan S
_93348
245 _aManaging Organisation
260 _bResponse
_c2011
300 _a371
650 _aDiploma Engineering
_9817
942 _cBK
999 _c5005
_d5003